Statistiques concernant Les pays qui consomment le plus de crème glacée

Cliquez ici pour prendre le quiz!

Statistiques générales

  • Ce quiz a été pris 161 fois
  • Le résultat moyen est 6 sur 10

Statistiques - réponses

Litres par habitantPays% Correct
13.7États-Unis
100%
9.1Canada
90%
13.7Australie
82%
13.3Nouvelle-Zélande
65%
8.4Norvège
56%
8.5Finlande
55%
11.7Suède
55%
9.3Danemark
48%
10.2Irlande
44%
9.3Israel
9%

Distribution des résultats

Percentile par nombre de réponses

% des personnes avec chaque résultat

Votre développement - résultats

Vous n’avez pas pris ce quiz